Introduction to Management Accounting (Record no. 284)

MARC details
000 -LEADER
fixed length control field 00468nam a22001817a 4500
005 - DATE AND TIME OF LATEST TRANSACTION
control field 20180712112310.0
008 - FIXED-LENGTH DATA ELEMENTS--GENERAL INFORMATION
fixed length control field 160429b xxu||||| |||| 00| 0 eng d
020 ## - INTERNATIONAL STANDARD BOOK NUMBER
ISBN 978-81-3172571-9
041 ## - LANGUAGE CODE
Language code of text/sound track or separate title eng
082 ## - DEWEY DECIMAL CLASSIFICATION NUMBER
Item number 00865
Classification number 658.1511
100 ## - MAIN ENTRY--AUTHOR NAME
Personal name Horngren T.Charles AND OTHERS
245 ## - TITLE STATEMENT
Title Introduction to Management Accounting
250 ## - EDITION STATEMENT
Edition statement 12ED.
260 ## - PUBLICATION, DISTRIBUTION, ETC. (IMPRINT)
Place of publication Delhi
Name of publisher Dorling kindersley
Year of publication 2009
300 ## - PHYSICAL DESCRIPTION
Number of Pages 831p.
650 ## - SUBJECT ADDED ENTRY--TOPICAL TERM
Topical Term Management
942 ## - ADDED ENTRY ELEMENTS (KOHA)
Koha item type Books
Holdings
Lost status Damaged status Collection code Home library Current library Shelving location Date acquired Full call number Accession Number Koha item type
    MANAGEMENT JRU Library JRU Library SHELF-73-H 29/04/2016 658.1511 00865 Books
    MANAGEMENT JRU Library JRU Library SHELF-73-H 29/04/2016 658.1511 00866 Books
    MANAGEMENT JRU Library JRU Library SHELF-73-H 29/04/2016 658.1511 00867 Books
    MANAGEMENT JRU Library JRU Library SHELF-73-H 29/04/2016 658.1511 00868 Books
    MANAGEMENT JRU Library JRU Library SHELF-73-H 29/04/2016 658.1511 00869 Books
    MANAGEMENT JRU Library JRU Library SHELF-73-H 29/04/2016 658.1511 00870 Books